000 00575cam a2200193 i 4500
001 sa 63004865
003 DLC
005 20260227111951.0
008 811029s1958 ii 000 0 mar
010 _asa 63004865
040 _aDLC
_cDLC
_dDLC
050 0 0 _aPK2418.D42
_bB37 1958
100 1 _aDeshpande, Purushottam Lakshman,
_d1919-2000.
245 1 0 _aBaṭāṭyācī cāḷa /
_cPurushottama Lakshmaṇa Deśapāṇḍe.
250 _a[1. āvr̥tti].
260 _aMumbaī :
_bMauja Prakāśana Gr̥ha,
_c[1958]
300 _a204 p. ;
_c19 cm.
500 _aIn Marathi.
999 _c55889
_d55889